<?xml version="1.0" encoding="UTF-8"?>
<collection xmlns="http://www.loc.gov/MARC21/slim">
 <record>
  <leader>     na                 </leader>
  <controlfield tag="001">INLIS000000000021999</controlfield>
  <controlfield tag="005">20231120082104</controlfield>
  <datafield tag="035" ind1=" " ind2=" ">
   <subfield code="a">0010-1123000207</subfield>
  </datafield>
  <controlfield tag="007">ta</controlfield>
  <controlfield tag="008">231120                g          0 ind  </controlfield>
  <datafield tag="020" ind1=" " ind2=" ">
   <subfield code="a">978-623-244-917-6</subfield>
  </datafield>
  <datafield tag="082" ind1=" " ind2=" ">
   <subfield code="a">155.25</subfield>
  </datafield>
  <datafield tag="084" ind1=" " ind2=" ">
   <subfield code="a">155.25 NAT s</subfield>
  </datafield>
  <datafield tag="100" ind1="0" ind2=" ">
   <subfield code="a">Natri Sutanti</subfield>
   <subfield code="e">Pengarang</subfield>
  </datafield>
  <datafield tag="245" ind1="1" ind2=" ">
   <subfield code="a">Seni Menjadi Orang Ekstrover</subfield>
  </datafield>
  <datafield tag="250" ind1=" " ind2=" ">
   <subfield code="a">Cetakan 1</subfield>
  </datafield>
  <datafield tag="300" ind1=" " ind2=" ">
   <subfield code="a">163 halaman :</subfield>
   <subfield code="b">Ilustrasi ;</subfield>
   <subfield code="c">20,1 cm</subfield>
  </datafield>
  <datafield tag="650" ind1=" " ind2="4">
   <subfield code="a">Perkembangan Kepribadian</subfield>
  </datafield>
  <datafield tag="650" ind1=" " ind2="4">
   <subfield code="a">Pengembangan Diri</subfield>
  </datafield>
  <datafield tag="700" ind1="0" ind2=" ">
   <subfield code="a">Herman Adamson</subfield>
   <subfield code="e">Penyunting</subfield>
  </datafield>
  <datafield tag="504" ind1=" " ind2=" ">
   <subfield code="a">161 halaman</subfield>
  </datafield>
  <datafield tag="505" ind1=" " ind2=" ">
   <subfield code="a">1. Mengenal Diri &#13;
2.Dialah Yang Paling Vokal Di dunia &#13;
3. Extrovert Power&#13;
4. Suskeskan Hari dan Kariermu &#13;
5. Menemukan Kekuatan Baru</subfield>
  </datafield>
  <datafield tag="520" ind1=" " ind2=" ">
   <subfield code="a">Menjadi pribadi yang ekstrover juga memiliki kelebihan dan kekurangan tersendiri. Adalah sebuah pilihan bagi kita untuk memilih untuk cenderung menjadi ekstrover atau introver. Sekalipun ekstrover sudah dikenal dengan banyak kelebihan, bukan berarti mereka akan sukses dalam segala hal. Tuntutan zaman yang semakin maju, membuat ekstrover tidak cukup hanya bermodal lima kelebihannya, yaitu komunikasi yang baik, pandai bergaul, percaya diri, fleksibel dan penuh inisiatif.&#13;
Dengan kelebihan yang ada tanpa diasah, maka semuanya menjadi percuma. Mereka harus bekerja keras meng-embangkan kelebihan yang ada secara positif. Jika salah dalam mengaplikasikan kelebihannya, bisa jadi mereka malah tidak disukai orang lain.&#13;
Bagaimana cara agar para ekstrover mengembangkan kelebihannya di jalur yang benar? Mampukah mereka memanfaatkan potensi yang dimiliki dengan porsi yang tepat? Buku ini hadir bagi kamu yang ingin maju, berinti ulasan tentang cara memaksimalkan potensi seorang ekstrover yang dilengkapi dengan pengalaman nyata dan pembahasannya. Di akhir perjalanan menyelami buku ini, disajikan tips sukses perjalanan karier untuk para ekstrover. Bersiaplah menjadi seorang ekstrover sejati yang sukses dalam setiap hal</subfield>
  </datafield>
  <datafield tag="264" ind1=" " ind2=" ">
   <subfield code="a">Yogyakarta :</subfield>
   <subfield code="b">Psikologi corner,</subfield>
   <subfield code="c">2021</subfield>
  </datafield>
  <datafield tag="336" ind1=" " ind2=" ">
   <subfield code="2">rdacontent</subfield>
   <subfield code="a">Teks</subfield>
  </datafield>
  <datafield tag="337" ind1=" " ind2=" ">
   <subfield code="2">rdamedia</subfield>
   <subfield code="a">Tanpa Perantara</subfield>
  </datafield>
  <datafield tag="338" ind1=" " ind2=" ">
   <subfield code="2">rdacarrier</subfield>
   <subfield code="a">Lembar</subfield>
  </datafield>
  <datafield tag="990" ind1=" " ind2=" ">
   <subfield code="a">076753</subfield>
  </datafield>
  <datafield tag="990" ind1=" " ind2=" ">
   <subfield code="a">076754</subfield>
  </datafield>
 </record>
</collection>
